000 00885nam a22002657a 4500
003 CHAP
005 20220329134136.0
008 971013s1963 enka r 00010 eng d
010 _a16038
011 _a17010
035 _a21092
040 _cCHAP
082 0 4 _a333.096
_bB5
100 0 0 _aBiebuyck, Daniel
_eed.
_912627
245 1 0 _aAfrican agrarian systems ; studies presented and discussed at the second International African Seminar...1960
_c/ed. por Daniel Biebuyck
260 _aLondon :
_bOxford University Press,
_c1963
300 _a407 p. :
_bmapas
590 _aBATCH-UPD
_b10
_c20130110
_lUCH01
_h0951
590 _aCONVERSION
_b10
_c20130109
_lUCH01
_h1310
650 1 4 _aAgricultura
_xAfrica
_zAfrica.
_9175391
650 1 4 _aTierras
_xTenencia
_xAfrica.
_9113131
901 _aBK
942 _cLIBRO
949 _a333.096 B5
_bBC
_cLIBRO
_d33724000322962
_eLIBRO
_h15487
_i21092
_si
999 _c16038
_d16038